[Event "FRA-chT1 0910"]
[Site "France"]
[Date "2009.12.13"]
[Round "7.5"]
[White "Schultz, Raphael"]
[Black "Karim, Ismael"]
[Result "0-1"]
[WhiteElo "2209"]
[BlackElo "2410"]
[PlyCount "132"]
[EventDate "2009.09.27"]
[EventType "team-match"]
[EventRounds "11"]
[EventCountry "FRA"]
[Source "ChessBase"]
[SourceDate "2010.02.25"]

1. e4 d6 2. d4 Nf6 3. Nc3 Nbd7 4. Nge2 e5 5. Ng3 c6 6. Be2 Qb6 7. d5 Nc5 8. O-O
Be7 9. Rb1 a5 10. Kh1 O-O 11. f4 cxd5 12. exd5 Qd8 13. Be3 exf4 14. Rxf4 Ne8
15. Rf1 g6 16. Bh6 Ng7 17. Qd4 f6 18. Bb5 Nd7 19. Bxd7 Bxd7 20. Rbe1 Rf7 21.
Re3 f5 22. Nge4 Ne8 23. Ref3 Bf8 24. Bxf8 Rxf8 25. Rh3 Qe7 26. Nd2 Nf6 27. Re3
Qf7 28. Nc4 Ng4 29. Ree1 Ra6 30. Nb6 Ne5 31. a4 Qe7 32. b3 Qd8 33. Nc4 Nxc4 34.
Qxc4 Ra8 35. Ne2 Rc8 36. Qd3 Qf6 37. c4 Rce8 38. Nd4 Re5 39. Nf3 Ree8 40. Qd4
Qxd4 41. Nxd4 Re5 42. Kg1 Rfe8 43. Kf2 Kg7 44. Re2 Kf6 45. Rfe1 g5 46. g3 h6
47. Nf3 Rxe2+ 48. Rxe2 Rxe2+ 49. Kxe2 Be8 50. Ke3 Bh5 51. Nd4 Ke5 52. Kd3 Bd1
53. h3 Bh5 54. Ne2 Bg6 55. Kc3 f4 56. gxf4+ gxf4 57. Nc1 Be4 58. Nd3+ Bxd3 59.
Kxd3 b6 60. h4 h5 61. Kd2 Ke4 62. Ke2 f3+ 63. Kf2 Kf4 64. Ke1 Ke3 65. b4 axb4
66. a5 b3 0-1

[Event "FRA-chT1 0910"]
[Site "France"]
[Date "2009.12.13"]
[Round "7.5"]
[White "Serra, Yvan"]
[Black "Palleja, Xavier"]
[Result "1-0"]
[WhiteElo "2078"]
[BlackElo "2245"]
[PlyCount "137"]
[EventDate "2009.09.27"]
[EventType "team-match"]
[EventRounds "11"]
[EventCountry "FRA"]
[Source "ChessBase"]
[SourceDate "2010.02.25"]

1. e4 e6 2. d4 d5 3. Nc3 Bb4 4. e5 c5 5. a3 Bxc3+ 6. bxc3 Ne7 7. Nf3 Qa5 8. Qd2
b6 9. Bd3 Ba6 10. O-O cxd4 11. Nxd4 Nbc6 12. Qg5 Bxd3 13. Nxc6 Nxc6 14. Qxg7
O-O-O 15. cxd3 Rdf8 16. Bh6 Qa4 17. Qf6 Rfg8 18. d4 Re8 19. Rfc1 Nd8 20. c4
dxc4 21. Rxc4+ Qxc4 22. Rc1 Qxc1+ 23. Bxc1 Rhg8 24. Qf3 Kb8 25. a4 Re7 26. Ba3
Rb7 27. Bd6+ Ka8 28. Qe4 Rh8 29. f4 a6 30. d5 a5 31. Qc4 Ka7 32. Qc8 exd5 33.
Bc7 Ne6 34. Qxh8 Rxc7 35. Qxh7 Nxf4 36. g3 Ne6 37. h4 d4 38. h5 Rd7 39. Qd3 Nc5
40. Qd1 d3 41. h6 Rd8 42. h7 d2 43. h8=Q Rxh8 44. Qxd2 Re8 45. Qd6 Ka6 46. Qc6
Rd8 47. Kg2 Rd7 48. Kf3 Ka7 49. Kg4 Re7 50. Kf5 Nd3 51. e6 fxe6+ 52. Kf6 Rf7+
53. Kxe6 Rg7 54. Kf5 Rf7+ 55. Kg5 Nc5 56. g4 Re7 57. Kh4 Re4 58. Kh5 Rxa4 59.
g5 Re4 60. g6 Re5+ 61. Kh6 Re6 62. Qc7+ Ka6 63. Kh7 Re4 64. g7 Rh4+ 65. Kg6 Kb5
66. Qc8 Rh1 67. Qe8+ Kb4 68. Qe3 Rh4 69. Qe1+ 1-0

[Event "FRA-chT1 0910"]
[Site "France"]
[Date "2009.12.13"]
[Round "7.6"]
[White "Carton, Camille"]
[Black "Vasilescu, Victor"]
[Result "0-1"]
[WhiteElo "2219"]
[BlackElo "2150"]
[PlyCount "152"]
[EventDate "2009.09.27"]
[EventType "team-match"]
[EventRounds "11"]
[EventCountry "FRA"]
[Source "ChessBase"]
[SourceDate "2010.02.25"]

1. e4 c5 2. Nf3 e6 3. d4 cxd4 4. Nxd4 Nc6 5. Nc3 Qc7 6. Be2 a6 7. O-O Nf6 8.
Be3 Bb4 9. Na4 O-O 10. Nxc6 bxc6 11. Qd4 Bd6 12. g3 Rb8 13. c3 Be5 14. Qd3 d5
15. exd5 cxd5 16. Bf3 Bd7 17. Qd1 Qa5 18. Nc5 Rxb2 19. Nd3 Ba4 20. Qc1 Rc2 21.
Qa3 Rxc3 22. Qb2 Rb8 23. Qd2 Bc7 24. Bd4 Rxd3 25. Qxd3 Bb5 26. Qe3 Bxf1 27.
Kxf1 Ne8 28. Re1 Nd6 29. g4 Bd8 30. Rc1 Nc4 31. Qf4 Qc7 32. Qxc7 Bxc7 33. Be2
Bf4 34. Rc2 Rb4 35. h3 f6 36. Bc5 Ra4 37. Kg2 Kf7 38. Kf3 Be5 39. Bd3 h6 40. h4
Nb2 41. Be2 Rxa2 42. Kg2 Ra4 43. Be3 Nc4 44. Bc1 g5 45. h5 Ke7 46. Be3 Kd7 47.
Bc5 Bd6 48. Ba7 a5 49. Bd3 Rb4 50. f3 Rb2 51. Rxb2 Nxb2 52. Bb5+ Kc7 53. Bd4
Be5 54. Bc5 a4 55. Bf8 Bd6 56. Bg7 a3 57. Bxf6 e5 58. f4 gxf4 59. g5 a2 60.
gxh6 a1=Q 61. h7 Qa2 62. h8=Q Nd1+ 63. Kh3 Qb3+ 64. Kg4 Qxb5 65. Qd8+ Kc6 66.
Qc8+ Kb6 67. Bd8+ Ka7 68. Qe6 Nf2+ 69. Kg5 Ne4+ 70. Kg6 f3 71. Bh4 Qb7 72. Qf7
Qxf7+ 73. Kxf7 f2 74. Bxf2+ Nxf2 75. Ke6 e4 76. Kxd6 Ng4 0-1

[Event "FRA-chT1 0910"]
[Site "France"]
[Date "2009.12.13"]
[Round "7.6"]
[White "Py, Jean"]
[Black "Boursier, Julien"]
[Result "0-1"]
[WhiteElo "2148"]
[BlackElo "2106"]
[PlyCount "121"]
[EventDate "2009.09.27"]
[EventType "team-match"]
[EventRounds "11"]
[EventCountry "FRA"]
[Source "ChessBase"]
[SourceDate "2010.02.25"]

1. d4 d5 2. Nf3 Nf6 3. Bf4 c6 4. e3 Nbd7 5. h3 Ne4 6. Bd3 Ndf6 7. Nbd2 g6 8.
Be5 Nxd2 9. Qxd2 Bg7 10. g4 O-O 11. O-O-O Ne4 12. Bxe4 dxe4 13. Bxg7 Kxg7 14.
Ne5 Be6 15. Qc3 Qd5 16. b3 a5 17. Qb2 f6 18. Nc4 b5 19. Nb6 Qd6 20. Nxa8 Rxa8
21. g5 a4 22. gxf6+ exf6 23. Rd2 b4 24. d5 Bxd5 25. Qd4 axb3 26. cxb3 Qe6 27.
Rhd1 Qxh3 28. Qxb4 Ra7 29. Qc5 Qd7 30. Kb2 Qc7 31. a3 Qb7 32. b4 Qa6 33. b5 Rb7
34. Ka1 Qa5 35. Rb2 Ra7 36. Rc1 Qxa3+ 37. Qxa3 Rxa3+ 38. Kb1 cxb5 39. Rxb5 Rb3+
40. Rxb3 Bxb3 41. Kb2 Bg8 42. Kc3 f5 43. Kd4 Kf6 44. Rc8 Bb3 45. Rc3 Bd1 46.
Rc6+ Kg5 47. Ke5 h5 48. Rc1 Bf3 49. Rg1+ Bg4 50. Ke6 h4 51. Kf7 h3 52. Kg7 Kh4
53. Rh1 Bf3 54. Rh2 g5 55. Kf6 Kg4 56. Ke5 Bg2 57. Kf6 f4 58. exf4 gxf4 59. Ke5
e3 60. fxe3 fxe3 61. Kd4 0-1

[Event "FRA-chT1 0910"]
[Site "France"]
[Date "2009.12.13"]
[Round "7.6"]
[White "Stephan, Jean Marie"]
[Black "Macon, Arthur"]
[Result "1/2-1/2"]
[WhiteElo "2238"]
[BlackElo "1888"]
[PlyCount "161"]
[EventDate "2009.09.27"]
[EventType "team-match"]
[EventRounds "11"]
[EventCountry "FRA"]
[Source "ChessBase"]
[SourceDate "2010.02.25"]

1. e4 e5 2. Nf3 Nc6 3. Bb5 a6 4. Ba4 Nf6 5. O-O Be7 6. Re1 b5 7. Bb3 d6 8. c3
O-O 9. d4 Bg4 10. Be3 Re8 11. Nbd2 Bf8 12. h3 Bh5 13. d5 Na5 14. Bc2 Qd7 15. b4
Nb7 16. c4 c6 17. Bg5 Be7 18. Bd3 cxd5 19. cxd5 Rec8 20. a4 bxa4 21. Rxa4 a5
22. Be3 Bg6 23. Nh4 Rc3 24. Nxg6 hxg6 25. Bf1 Rac8 26. Qa1 axb4 27. Rxb4 R3c7
28. Bb5 Qd8 29. Bb6 Nc5 30. Bxc7 Qxc7 31. Bf1 Nh5 32. g3 f5 33. Qd1 Nf6 34.
exf5 gxf5 35. Nc4 Nfe4 36. Qh5 Rf8 37. Ne3 Qc8 38. Rc4 Rf6 39. Rc2 g6 40. Qf3
Ng5 41. Qe2 Kg7 42. h4 Nf7 43. Bh3 Qh8 44. h5 Ng5 45. Bxf5 gxf5 46. Nxf5+ Rxf5
47. Qg4 Qf8 48. f4 exf4 49. Rce2 Bf6 50. Re8 Qf7 51. h6+ Kg6 52. h7 Bd4+ 53.
Kg2 Qxd5+ 54. Kh2 fxg3+ 55. Qxg3 Qa2+ 56. R1e2 Qf7 57. Rg8+ Kxh7 58. Rxg5 Rf2+
59. Rxf2 Qxf2+ 60. Qxf2 Bxf2 61. Kg2 Bd4 62. Kf3 Be5 63. Rg1 Kh6 64. Rg2 Kh5
65. Rg8 Kh6 66. Rg2 Bf6 67. Kf4 Bg7 68. Rd2 Bf8 69. Rg2 Kh7 70. Rg1 Bg7 71. Rd1
Be5+ 72. Kf5 Kg7 73. Rc1 Nb3 74. Rc7+ Kf8 75. Ke6 Nd4+ 76. Kd5 Ke8 77. Rb7 Kd8
78. Rh7 Ne2 79. Kc6 Nf4 80. Rd7+ Ke8 81. Rxd6 1/2-1/2

[Event "FRA-chT1 0910"]
[Site "France"]
[Date "2009.12.13"]
[Round "7.8"]
[White "Bonvalot, Isabelle"]
[Black "Chaumont, Adeline"]
[Result "1-0"]
[WhiteElo "1904"]
[BlackElo "2049"]
[PlyCount "131"]
[EventDate "2009.09.27"]
[EventType "team-match"]
[EventRounds "11"]
[EventCountry "FRA"]
[Source "ChessBase"]
[SourceDate "2010.02.25"]

1. e4 c6 2. d4 d5 3. exd5 cxd5 4. Bd3 Nc6 5. c3 Nf6 6. h3 Qc7 7. Nf3 e6 8. O-O
Bd6 9. Re1 Bd7 10. b3 h6 11. Na3 a6 12. c4 Bb4 13. Re2 Bc3 14. Bb2 Bxb2 15.
Rxb2 Qa5 16. Nc2 Qc3 17. Rab1 O-O 18. c5 Nb4 19. Nxb4 Qxb4 20. Qe1 Qxe1+ 21.
Rxe1 Bb5 22. Bxb5 axb5 23. b4 Ra3 24. Nd2 Ra4 25. Nb1 Rfa8 26. Ree2 Ne4 27. f3
Ng3 28. Red2 Nf5 29. Nc3 R4a6 30. Nxb5 Rc8 31. Kf2 Kf8 32. g4 Ne7 33. Rb3 Rca8
34. a3 Ra4 35. Rdd3 Nc6 36. f4 g6 37. Nd6 Rb8 38. Ke3 Ke7 39. b5 Na5 40. Rb4
Rxb4 41. axb4 Nc4+ 42. Nxc4 dxc4 43. Rc3 Ra8 44. Ke4 f5+ 45. gxf5 gxf5+ 46. Kf3
Kd7 47. Kg3 Ra4 48. Rxc4 Ra3+ 49. Kg2 Ra2+ 50. Kg3 Ra3+ 51. Kh4 Rf3 52. d5 exd5
53. Rd4 Kc7 54. Rxd5 Rxf4+ 55. Kh5 Rxb4 56. b6+ Kc6 57. Rxf5 Rb3 58. h4 Rb4 59.
Rf6+ Kxc5 60. Rxh6 Rd4 61. Rf6 Rd1 62. Kh6 Rh1 63. h5 Kb5 64. Kg6 Rg1+ 65. Kf7
Rh1 66. h6 1-0

[Event "FRA-chT1 0910"]
[Site "France"]
[Date "2009.12.13"]
[Round "7.8"]
[White "Choisy, Mathilde"]
[Black "Verot, Melanie"]
[Result "1/2-1/2"]
[WhiteElo "2143"]
[BlackElo "2116"]
[PlyCount "136"]
[EventDate "2009.09.27"]
[EventType "team-match"]
[EventRounds "11"]
[EventCountry "FRA"]
[Source "ChessBase"]
[SourceDate "2010.02.25"]

1. e4 c5 2. Nf3 e6 3. b3 Nc6 4. Bb2 a6 5. g3 Nf6 6. e5 Nd5 7. Bg2 Be7 8. O-O
O-O 9. Na3 Qc7 10. Re1 b5 11. c4 bxc4 12. Nxc4 Ndb4 13. d4 Rb8 14. dxc5 Bxc5
15. Ng5 Qa7 16. Ne4 Bd4 17. Bxd4 Nxd4 18. Ne3 f6 19. exf6 gxf6 20. Qg4+ Kh8 21.
Qh4 d5 22. Nxf6 Nbc2 23. Red1 Nxe3 24. fxe3 Nf5 25. Qg5 Qxe3+ 26. Qxe3 Nxe3 27.
Rd3 d4 28. Ne4 Bb7 29. Re1 e5 30. Bh1 Nc2 31. Re2 Nb4 32. Rf3 Rfc8 33. Rf1 d3
34. Rd2 Rc2 35. Rfd1 Rbc8 36. a3 Rxd2 37. Nxd2 Bxh1 38. Kxh1 Nc2 39. Kg1 Rf8
40. a4 Nd4 41. Kg2 Nc2 42. Kg1 Nb4 43. Re1 Re8 44. Re4 a5 45. Kf2 Kg7 46. Nc4
Rd8 47. Ke3 Kf6 48. Kd2 Rd5 49. Nxa5 Na6 50. b4 Kf5 51. Re1 Nxb4 52. Nc4 Rc5
53. Ne3+ Ke6 54. Rb1 Nd5 55. Nxd5 Rxd5 56. a5 Rxa5 57. Kxd3 Kd5 58. Rb2 Ra3+
59. Ke2 h5 60. Rb5+ Ke4 61. Rb4+ Kf5 62. Rb2 h4 63. gxh4 Rh3 64. Ke1 e4 65. h5
Kf4 66. h6 Rxh6 67. Rb3 Rxh2 68. Ra3 Rb2 1/2-1/2

[Event "FRA-chT1 0910"]
[Site "France"]
[Date "2009.12.13"]
[Round "7.8"]
[White "Forestier, Carole"]
[Black "Dikant, Christophe"]
[Result "1/2-1/2"]
[WhiteElo "2124"]
[BlackElo "2019"]
[PlyCount "164"]
[EventDate "2009.09.27"]
[EventType "team-match"]
[EventRounds "11"]
[EventCountry "FRA"]
[Source "ChessBase"]
[SourceDate "2010.02.25"]

1. d4 c5 2. d5 e5 3. Nc3 d6 4. h3 Be7 5. g4 f5 6. e3 a6 7. a4 Nf6 8. g5 Nfd7 9.
h4 e4 10. f3 exf3 11. Nxf3 Ne5 12. e4 O-O 13. Nxe5 dxe5 14. exf5 Bxf5 15. Bd3
Qd7 16. Be3 e4 17. Bxe4 Bd6 18. Qd3 b6 19. Rf1 Bxe4 20. Rxf8+ Bxf8 21. Qxe4 Ra7
22. Bf4 Qf7 23. d6 Qd7 24. h5 Qg4 25. Kd2 Rd7 26. Qd5+ Rf7 27. Rf1 Qxh5 28. Ne4
Nd7 29. Qe6 Qg6 30. Qxg6 hxg6 31. Ke3 Rf5 32. Rd1 c4 33. Ng3 Ra5 34. b3 cxb3
35. cxb3 Rc5 36. Kd4 Rc2 37. Kd5 Kf7 38. Ne4 b5 39. axb5 axb5 40. Rc1 Nb6+ 41.
Ke5 Nd7+ 42. Kd5 Nb6+ 43. Ke5 Nd7+ 44. Kd4 Rb2 45. Rc7 Ke6 46. Rb7 Rxb3 47. Rc7
Rb4+ 48. Ke3 Rb3+ 49. Kd4 Rb4+ 50. Ke3 Rb3+ 51. Kd4 Rb4+ 52. Kd3 Rb1 53. Rc8
Rd1+ 54. Ke2 Rd4 55. Ke3 Rb4 56. Re8+ Kf7 57. Rd8 Ke6 58. Re8+ Kf7 59. Rc8 Ke6
60. Kd3 Rb1 61. Nc3 Rf1 62. Ke4 Bxd6 63. Bxd6 Kxd6 64. Nxb5+ Ke7 65. Nd4 Re1+
66. Kf4 Rf1+ 67. Ke3 Rg1 68. Nf3 Ra1 69. Rc7 Kd6 70. Rb7 Ra3+ 71. Kf4 Ra4+ 72.
Kg3 Ra3 73. Kf2 Ra2+ 74. Ke3 Ra3+ 75. Ke2 Ra2+ 76. Ke3 Ra3+ 77. Ke2 Ra2+ 78.
Nd2 Ke6 79. Rb5 Ne5 80. Ke3 Ng4+ 81. Kd3 Ne5+ 82. Ke3 Ng4+ 1/2-1/2

[Event "FRA-chT1 0910"]
[Site "France"]
[Date "2009.12.13"]
[Round "7.8"]
[White "Jeannerot, Lea"]
[Black "Penkov, Nikola"]
[Result "1-0"]
[WhiteElo "2019"]
[BlackElo "1769"]
[PlyCount "139"]
[EventDate "2009.09.27"]
[EventType "team-match"]
[EventRounds "11"]
[EventCountry "FRA"]
[Source "ChessBase"]
[SourceDate "2010.02.25"]

1. Nf3 d5 2. b3 c5 3. Bb2 Nf6 4. e3 Bg4 5. Be2 e6 6. O-O Be7 7. Ne5 Bxe2 8.
Qxe2 O-O 9. d3 Nbd7 10. f4 Nxe5 11. Bxe5 Nd7 12. Bb2 Bf6 13. Bxf6 Qxf6 14. Nd2
Rfe8 15. e4 Qd4+ 16. Kh1 dxe4 17. dxe4 Rad8 18. Nf3 Qf6 19. g3 e5 20. f5 Qc6
21. Rfe1 Nf6 22. h3 a6 23. c4 b6 24. Rac1 Rd7 25. Rc3 Qd6 26. Re3 Red8 27. Qb2
Re7 28. Kg2 Qc7 29. R1e2 Kf8 30. Rd2 Rxd2+ 31. Qxd2 Rd7 32. Rd3 Rxd3 33. Qxd3
Ke7 34. g4 Qc6 35. Nd2 Qd6 36. Qxd6+ Kxd6 37. Kf3 Kc7 38. Ke3 b5 39. Nf3 Kd6
40. Nd2 Nd7 41. g5 Nb6 42. cxb5 axb5 43. Kd3 Kc6 44. Nf3 Kd6 45. h4 c4+ 46. Kc3
f6 47. gxf6 gxf6 48. Kb4 cxb3 49. axb3 Kc6 50. h5 Nd7 51. Nd2 Nc5 52. Kc3 Nb7
53. b4 Nd6 54. Kd3 h6 55. Nf3 Ne8 56. Nh2 Ng7 57. Ng4 Nxh5 58. Nxh6 Nf4+ 59.
Kd2 Kd6 60. Ng8 Nh5 61. Ke3 Kd7 62. Kf3 Kd6 63. Kg4 Nf4 64. Nxf6 Nd3 65. Nd5
Nf2+ 66. Kf3 Nh3 67. Nc3 Kc6 68. f6 Ng5+ 69. Kg4 Nf7 70. Kf5 1-0

[Event "FRA-chT1 0910"]
[Site "France"]
[Date "2009.12.13"]
[Round "7.8"]
[White "Wilson, Alexandra"]
[Black "Lebel Arias, Julia"]
[Result "1/2-1/2"]
[WhiteElo "2089"]
[BlackElo "1953"]
[PlyCount "125"]
[EventDate "2009.09.27"]
[EventType "team-match"]
[EventRounds "11"]
[EventCountry "FRA"]
[Source "ChessBase"]
[SourceDate "2010.02.25"]

1. e4 g6 2. d4 d6 3. Nc3 c6 4. Be3 b5 5. Qd2 a6 6. h4 h5 7. Nf3 d5 8. e5 Bf5 9.
Bd3 Nh6 10. Ne2 e6 11. Bg5 Qc7 12. Bf6 Rg8 13. Ng5 Nd7 14. Nh7 Bxd3 15. cxd3
Nf5 16. Nxf8 Nxf6 17. Nxe6 fxe6 18. exf6 Kf7 19. Rc1 Rac8 20. g3 e5 21. O-O
exd4 22. Nf4 Qd6 23. Rfe1 Rge8 24. Nxg6 Qxf6 25. Nf4 Qh6 26. Kh2 Rxe1 27. Rxe1
Ng7 28. Qa5 c5 29. Re5 c4 30. Qb4 Qf6 31. Qe1 c3 32. Nxd5 Qf3 33. bxc3 dxc3 34.
Re7+ Kf8 35. Nxc3 Rxc3 36. Rxg7 Qf6 37. Rd7 Rc2 38. Kg1 Rxa2 39. Qb4+ Ke8 40.
Qd4 Ra1+ 41. Kg2 Qc6+ 42. Rd5 Re1 43. Kh2 Kf7 44. Rf5+ Ke7 45. Qa7+ Kd6 46.
Qd4+ Ke7 47. Qg7+ Kd6 48. Rf6+ Re6 49. Rf5 Qb6 50. Qf8+ Kc6 51. Rxh5 b4 52.
Qe8+ Kd6 53. Qf8+ Kc6 54. Qf3+ Kd7 55. Rh7+ Kd6 56. Rh5 Qd4 57. Qf8+ Re7 58.
Qd8+ Rd7 59. Qb8+ Ke6 60. Qg8+ Kd6 61. Qb8+ Ke6 62. Qg8+ Kd6 63. Qb8+ 1/2-1/2

[Event "FRA-chT1 0910"]
[Site "France"]
[Date "2009.10.04"]
[Round "1.2"]
[White "Riff, Vincent"]
[Black "Renet, Olivier"]
[Result "1/2-1/2"]
[WhiteElo "2321"]
[BlackElo "2518"]
[PlyCount "25"]
[EventDate "2009.09.27"]
[EventType "team-match"]
[EventRounds "11"]
[EventCountry "FRA"]
[SourceDate "2009.07.26"]
[BlackTeam "Rueil"]

1. e4 c5 2. Nf3 e6 3. d4 cxd4 4. Nxd4 a6 5. Bd3 Qc7 6. Nc3 Nf6 7. Qe2 d6 8. f4
b5 9. e5 dxe5 10. fxe5 b4 11. Ncb5 axb5 12. exf6 gxf6 13. Nxb5 1/2-1/2

[Event "FRA-chT1 0910"]
[Site "France"]
[Date "2009.10.17"]
[Round "2.4"]
[White "Lamoureux, Isabelle"]
[Black "Monsieux, Sebastien"]
[Result "1-0"]
[WhiteElo "2086"]
[BlackElo "2115"]
[PlyCount "93"]
[EventDate "2009.09.27"]
[EventType "team-match"]
[EventRounds "11"]
[EventCountry "FRA"]
[SourceDate "2009.07.26"]

1. e4 c5 2. Nf3 e6 3. d4 cxd4 4. Nxd4 Nf6 5. Bd3 a6 6. O-O d6 7. Kh1 Nbd7 8. f4
b6 9. Re1 Qc7 10. c3 Bb7 11. Nd2 e5 12. N4b3 Be7 13. Nf3 Nc5 14. Nxc5 Qxc5 15.
h3 Qc7 16. f5 Nd7 17. Qe2 g6 18. fxg6 hxg6 19. Ng5 Nc5 20. Bc2 Bxg5 21. Bxg5
Ne6 22. Be3 d5 23. Bb3 d4 24. Bxe6 dxe3 25. Bd5 Bxd5 26. exd5 Rd8 27. c4 Rh4
28. b3 b5 29. Rac1 bxc4 30. bxc4 Re4 31. Qd3 f5 32. Rxe3 Rxe3 33. Qxe3 f4 34.
Qe4 Kf7 35. c5 Kf6 36. Qc4 Qd7 37. Qxa6+ Kg7 38. d6 f3 39. Qd3 fxg2+ 40. Kxg2
Qb7+ 41. Kh2 Qb4 42. Rc4 Qe1 43. Rc2 Rf8 44. Qe2 Qa1 45. d7 Rf1 46. Qg2 Rd1 47.
Rd2 1-0

[Event "FRA-chT1 0910"]
[Site "France"]
[Date "2009.10.17"]
[Round "2.1"]
[White "Libiszewski, Fabien"]
[Black "Renet, Olivier"]
[Result "1/2-1/2"]
[WhiteElo "2535"]
[BlackElo "2518"]
[PlyCount "76"]
[EventDate "2009.09.27"]
[EventType "team-match"]
[EventRounds "11"]
[EventCountry "FRA"]
[SourceDate "2009.07.26"]
[BlackTeam "Rueil"]

1. e4 e5 2. Nf3 Nc6 3. Nc3 Nf6 4. Bb5 Bb4 5. O-O O-O 6. d3 d6 7. Bg5 Bxc3 8.
bxc3 Qe7 9. Re1 Nd8 10. d4 Ne6 11. Bc1 c5 12. Bf1 Rd8 13. Nh4 cxd4 14. Nf5 Qc7
15. cxd4 g6 16. Nh6+ Kg7 17. d5 Nc5 18. Qf3 Ng8 19. Nxg8 Rxg8 20. Bg5 f5 21.
exf5 Bxf5 22. g4 h6 23. gxf5 hxg5 24. f6+ Kf7 25. Bh3 Rae8 26. Rab1 b6 27. Rb5
Rh8 28. Re3 Rh4 29. Bg4 e4 30. Qg3 Kxf6 31. f4 Kg7 32. fxg5 Reh8 33. Re2 Qe7
34. Rxc5 bxc5 35. Be6 R8h5 36. Rg2 Kh7 37. Qe3 Qg7 38. Rf2 Qe5 1/2-1/2

[Event "FRA-chT1 0910"]
[Site "France"]
[Date "2009.10.17"]
[Round "2.7"]
[White "Robert, Bastien"]
[Black "Dubessay, Bastien"]
[Result "1-0"]
[WhiteElo "2035"]
[BlackElo "2157"]
[PlyCount "73"]
[EventDate "2009.09.27"]
[EventType "team-match"]
[EventRounds "11"]
[EventCountry "FRA"]
[SourceDate "2009.07.26"]

1. d4 Nf6 2. Nf3 g6 3. c4 Bg7 4. g3 d5 5. Bg2 O-O 6. O-O dxc4 7. Nbd2 c3 8.
bxc3 c5 9. Ba3 cxd4 10. cxd4 Nc6 11. Nb3 Re8 12. Rc1 Rb8 13. Re1 Bh6 14. Rc5
Ne4 15. Rxc6 bxc6 16. Ne5 Qd5 17. Qc2 Rxb3 18. axb3 Qa5 19. Ra1 Nd6 20. Bb2 Qb6
21. Nxc6 Bb7 22. d5 Bg7 23. Bxg7 Kxg7 24. Qc3+ f6 25. b4 Kf7 26. Qd4 Nb5 27.
Qc5 Qxc5 28. bxc5 Bxc6 29. dxc6 Rc8 30. e3 Ke6 31. Ra5 Nc3 32. Rxa7 f5 33. h4
Ne2+ 34. Kh2 Nc1 35. Rd7 Na2 36. Bd5+ Kf6 37. c7 1-0

[Event "FRA-chT1 0910"]
[Site "France"]
[Date "2009.10.17"]
[Round "2.2"]
[White "Poignot, Quentin"]
[Black "Zharkov, Hleb"]
[Result "1-0"]
[WhiteElo "2136"]
[BlackElo "2238"]
[PlyCount "63"]
[EventDate "2009.09.27"]
[EventType "team-match"]
[EventRounds "11"]
[EventCountry "FRA"]
[SourceDate "2009.07.26"]

1. e4 e6 2. d4 d5 3. e5 c5 4. c3 Qb6 5. Nf3 Nc6 6. a3 Nh6 7. b4 cxd4 8. Bxh6
gxh6 9. cxd4 Bd7 10. Be2 Bg7 11. Nc3 Rc8 12. Na4 Qd8 13. O-O O-O 14. Nc5 Rc7
15. Bd3 Ne7 16. Rc1 b6 17. Nxd7 Qxd7 18. Rxc7 Qxc7 19. Qb1 Qc3 20. Rc1 Qxa3 21.
Bxh7+ Kh8 22. h3 Rc8 23. Rxc8+ Nxc8 24. b5 a5 25. bxa6 Qxa6 26. Bd3 Qb7 27. Qb5
Bf8 28. Bb1 Qc7 29. Qd3 Qc1+ 30. Kh2 Qf4+ 31. g3 Qe4 32. Qd1 1-0

[Event "FRA-chT1 0910"]
[Site "France"]
[Date "2009.10.17"]
[Round "2.5"]
[White "Vaklinov, Vasil"]
[Black "Pellaton, Bernard"]
[Result "0-1"]
[WhiteElo "2217"]
[BlackElo "2059"]
[PlyCount "47"]
[EventDate "2009.09.27"]
[EventType "team-match"]
[EventRounds "11"]
[EventCountry "FRA"]
[SourceDate "2009.07.26"]

1. c4 Nf6 2. g3 e5 3. Bg2 g6 4. Nc3 Bg7 5. e3 d6 6. Nge2 c6 7. d4 O-O 8. O-O
Bg4 9. h3 Bxe2 10. Qxe2 Nbd7 11. d5 c5 12. e4 Ne8 13. Be3 f5 14. Qd2 Ndf6 15.
Bg5 Qd7 16. Kh2 Nxe4 17. Nxe4 fxe4 18. Bxe4 Nf6 19. Bg2 Rad8 20. Rfe1 Kh8 21.
f3 Ng8 22. h4 Ne7 23. Bxe7 Qxe7 24. Re4 {suite illisible} 0-1

[Event "FRA-chT1 0910"]
[Site "France"]
[Date "2009.10.17"]
[Round "2.8"]
[White "Jeannerot, Pierre Marie"]
[Black "Pecqueux, Edouard"]
[Result "0-1"]
[WhiteElo "1230"]
[BlackElo "1841"]
[PlyCount "68"]
[EventDate "2009.09.27"]
[EventType "team-match"]
[EventRounds "11"]
[EventCountry "FRA"]
[SourceDate "2009.07.26"]

1. e4 c5 2. Bc4 e6 3. d3 a6 4. a4 Nc6 5. Nf3 Bd6 6. Nbd2 Nf6 7. e5 Nxe5 8. Nxe5
Bxe5 9. Nf3 Bc7 10. Be3 d5 11. Bb3 Qd6 12. h3 Bd7 13. Qd2 O-O 14. Bf4 Qxf4 15.
Qxf4 Bxf4 16. O-O b5 17. d4 cxd4 18. Nxd4 Be5 19. Nf3 Bxb2 20. Ra2 Bc3 21. Ne1
Ne4 22. Nd3 Rfc8 23. a5 Rc7 24. Nc1 Rac8 25. Ne2 Bb4 26. Nd4 Bc5 27. Ne2 b4 28.
Ba4 Bxa4 29. Rxa4 Bd6 30. Nd4 Rc4 31. Ra2 Rxd4 32. f3 Ng3 33. Re1 Rd2 34. Kh2
Rc3 0-1

[Event "FRA-chT1 0910"]
[Site "France"]
[Date "2009.10.17"]
[Round "2.6"]
[White "Buffe, Fabrice"]
[Black "Riff, Sebastien"]
[Result "0-1"]
[WhiteElo "2160"]
[BlackElo "2271"]
[PlyCount "63"]
[EventDate "2009.09.27"]
[EventType "team-match"]
[EventRounds "11"]
[EventCountry "FRA"]
[SourceDate "2009.07.26"]

1. d4 Nf6 2. c4 g6 3. Nc3 Bg7 4. e4 d6 5. f4 O-O 6. Nf3 Na6 7. Be2 e5 8. dxe5
dxe5 9. Nxe5 Qe7 10. O-O Rd8 11. Qc2 Nb4 12. Qb3 Qc5+ 13. Kh1 c6 14. Na4 Qe7
15. c5 a5 16. Bc4 Be6 17. Nb6 Rab8 18. Bxe6 Qxe6 19. Nbc4 Nxe4 20. Nxa5 Qxb3
21. Nxb3 Nc2 22. Rb1 Rd5 23. Nc4 Rd3 24. f5 Ra8 25. Nca5 gxf5 26. Bf4 Nb4 27.
g3 Nxa2 28. Kg2 Nb4 29. Rbd1 Bxb2 30. Rxd3 Nxd3 31. Nxb7 Ra2 32. Kh3 0-1

[Event "FRA-chT1 0910"]
[Site "France"]
[Date "2009.10.17"]
[Round "2.8"]
[White "Forestier, Carole"]
[Black "Choisy, Mathilde"]
[Result "1/2-1/2"]
[WhiteElo "2121"]
[BlackElo "2137"]
[PlyCount "90"]
[EventDate "2009.09.27"]
[EventType "team-match"]
[EventRounds "11"]
[EventCountry "FRA"]
[SourceDate "2009.07.26"]

1. d4 Nf6 2. c4 g6 3. Nc3 Bg7 4. e4 d6 5. f4 c5 6. d5 O-O 7. Nf3 e6 8. Be2 exd5
9. cxd5 Bg4 10. O-O Nbd7 11. h3 Bxf3 12. Bxf3 Re8 13. Re1 Qa5 14. Qe2 Nxe4 15.
Nxe4 f5 16. Bd2 Qb6 17. Bc3 fxe4 18. Bg4 Nf6 19. Be6+ Rxe6 20. dxe6 d5 21. Be5
Qxe6 22. Rad1 Re8 23. b4 b6 24. Qb5 Nd7 25. Bxg7 Kxg7 26. bxc5 bxc5 27. Rxe4
dxe4 28. Qxd7+ Qxd7 29. Rxd7+ Kf6 30. Rxa7 Ke6 31. Kf2 Kd5 32. Ke3 h5 33. Rd7+
Kc4 34. Rd6 Kc3 35. Rxg6 c4 36. f5 Kc2 37. Re6 Rg8 38. Rxe4 c3 39. g4 hxg4 40.
hxg4 Rd8 41. Rc4 Re8+ 42. Kf4 Kd3 43. Rc7 Re4+ 44. Kf3 Re3+ 45. Kf4 Re4+
1/2-1/2

[Event "FRA-chT1 0910"]
[Site "France"]
[Date "2009.10.17"]
[Round "2.1"]
[White "Suarez Real, Alberto"]
[Black "Song, Julien"]
[Result "1/2-1/2"]
[WhiteElo "2400"]
[BlackElo "2289"]
[PlyCount "100"]
[EventDate "2009.09.27"]
[EventType "team-match"]
[EventRounds "11"]
[EventCountry "FRA"]
[SourceDate "2009.07.26"]

1. e4 e5 2. Nf3 Nc6 3. d4 exd4 4. Nxd4 Bb4+ 5. c3 Bc5 6. Bc4 d6 7. Nxc6 bxc6 8.
Qf3 Qf6 9. Bf4 Ne7 10. Nd2 O-O 11. O-O Be6 12. Bb3 Bb6 13. Rfe1 Ng6 14. Bg3 Qg5
15. Qd1 Bg4 16. Nf3 Qh5 17. h3 Bxf3 18. Qxf3 Qxf3 19. gxf3 Kh8 20. Ba4 c5 21.
Bc2 f6 22. f4 Rab8 23. Rab1 c4 24. Kg2 Bc5 25. b4 cxb3 26. axb3 a5 27. Ra1 Bb6
28. f5 Ne5 29. Red1 Rfe8 30. Ra4 Nd7 31. f3 Re7 32. h4 g6 33. fxg6 hxg6 34. Rc4
Ne5 35. Ra4 Kg7 36. Rd5 Rh8 37. Bd1 Nf7 38. f4 Rhe8 39. Bf3 Nh6 40. h5 gxh5 41.
Rxh5 Nf7 42. Rh4 Rg8 43. Rg4+ Kf8 44. Rxg8+ Kxg8 45. Bh4 Kg7 46. Ra2 Be3 47.
Kg3 Ng5 48. fxg5 fxg5 49. Bxg5 Bxg5 50. Rxa5 Bd2 1/2-1/2